In search of excellence : (Record no. 2991)

000 -LEADER
fixed length control field aam a22 a 4500
003 - CONTROL NUMBER IDENTIFIER
control field AKMAL
005 - DATE AND TIME OF LATEST TRANSACTION
control field 20170519084321.0
008 - FIXED-LENGTH DATA ELEMENTS--GENERAL INFORMATION
fixed length control field 170519s1982 us 00 eng d
020 ## - INTERNATIONAL STANDARD BOOK NUMBER
International Standard Book Number 1861975945
040 ## - CATALOGING SOURCE
Original cataloging agency AKMAL
082 04 - DEWEY DECIMAL CLASSIFICATION NUMBER
Classification number 658.00973 PET
090 00 - LOCALLY ASSIGNED LC-TYPE CALL NUMBER (OCLC); LOCAL CALL NUMBER (RLIN)
Classification number (OCLC) (R) ; Classification number, CALL (RLIN) (NR) 658.00973
Local cutter number (OCLC) ; Book number/undivided call number, CALL (RLIN) PET
100 1# - MAIN ENTRY--PERSONAL NAME
Personal name Peters, Thomas J.
9 (RLIN) 1363
245 10 - TITLE STATEMENT
Title In search of excellence :
Remainder of title lessons from America's best-run companies /
Statement of responsibility, etc. by Thomas J. Peters and Robert H. Waterman Jr
260 ## - PUBLICATION, DISTRIBUTION, ETC.
Place of publication, distribution, etc. New York :
Name of publisher, distributor, etc. Harper and Row,
Date of publication, distribution, etc. 1982
300 00 - PHYSICAL DESCRIPTION
Extent 360p. :
Other physical details ill. ;
Dimensions 21cm
599 ## - LOCAL NOTE
Local Note DALAM PROSES
650 #0 - SUBJECT ADDED ENTRY--TOPICAL TERM
Topical term or geographic name entry element Industrial management
Geographic subdivision United States
9 (RLIN) 5970
700 1# - ADDED ENTRY--PERSONAL NAME
Personal name Waterman, Robert H.
9 (RLIN) 1364
942 ## - ADDED ENTRY ELEMENTS (KOHA)
Source of classification or shelving scheme
Koha item type Book
Holdings
Withdrawn status Lost status Source of classification or shelving scheme Damaged status Not for loan Collection code Home library Current library Shelving location Date acquired Inventory number Total Checkouts Full call number Barcode Date last seen Price effective from Koha item type
          NON-FICTION AKMAL Melaka AKMAL Melaka PINJAMAN 19.05.2017 602323   658.00973 PET 201703775 19.05.2017 19.05.2017 Book
Pusat Sumber Maklumat Dato' Haji Sarmin Md Hussin, Akademi Kastam Diraja Malaysia, Melaka
Tel: 06-2331106 | Faks: 06-2313787